000 00853nam a2200217 4500
001 112533
003 ES-MaACL
005 20250815113043.0
007 t|
008 061121s1934 sp r ||||1| spa d
100 1 _aOrthner, Ludwig.
_987524
245 1 0 _aPrácticas de química orgánica /
_cpor el Dr. Phil. Ludwig Orthner y el Dr. Ing. Ludwig Reichel ; traducción de la segunda edición alemana por César Pi-Suñer Bayo ; prólogo del Dr. Obdulio Fernández.
260 _aBarcelona :
_bLabor,
_c1934 (
_fTall. Gráf. Ibero-Americanos)
300 _aXIV, 269 p. :
_bil. ;
_c23 cm.
650 7 _aQuímica orgánica
_2embne
_9136799
700 1 _aReichel, Ludwig.
_995957
700 1 _aPi Suñer Bayo, César.
_991729
700 1 _aFernández y Rodríguez, Obdulio,
_d1883-1982
_950192
852 _aES-MaACL
_jB-10751
999 _c112533
_d112533